<?xml version="1.0" encoding="UTF-8"?>
<record
    xmlns:xsi="http://www.w3.org/2001/XMLSchema-instance"
    xsi:schemaLocation="http://www.loc.gov/MARC21/slim http://www.loc.gov/standards/marcxml/schema/MARC21slim.xsd"
    xmlns="http://www.loc.gov/MARC21/slim">

  <leader>02147nam a2200289uu 4500</leader>
  <controlfield tag="001">1394507</controlfield>
  <controlfield tag="005">20260508085726.0</controlfield>
  <controlfield tag="007">cr|||||||</controlfield>
  <controlfield tag="008">141204s2014                        spa  </controlfield>
  <datafield tag="035" ind1=" " ind2=" ">
    <subfield code="a">1394507</subfield>
  </datafield>
  <datafield tag="040" ind1=" " ind2=" ">
    <subfield code="c">comduadb</subfield>
  </datafield>
  <datafield tag="041" ind1=" " ind2=" ">
    <subfield code="a">spa</subfield>
  </datafield>
  <datafield tag="080" ind1=" " ind2=" ">
    <subfield code="a">PQU</subfield>
  </datafield>
  <datafield tag="100" ind1="1" ind2="0">
    <subfield code="a">Bustamante Tabares, Luisa Fernanda</subfield>
    <subfield code="4">aut</subfield>
    <subfield code="e">aut</subfield>
    <subfield code="9">717751</subfield>
  </datafield>
  <datafield tag="245" ind1="1" ind2="0">
    <subfield code="a">Estudio de la deshidrataci&#xF3;n de aceite de ricino para optimizar la reacci&#xF3;n de curado en resinas alqu&#xED;dicas</subfield>
  </datafield>
  <datafield tag="260" ind1=" " ind2=" ">
    <subfield code="a">Medell&#xED;n :</subfield>
    <subfield code="b">[sin publicador],</subfield>
    <subfield code="c">2014.</subfield>
  </datafield>
  <datafield tag="300" ind1=" " ind2=" ">
    <subfield code="a">33 p&#xE1;ginas</subfield>
  </datafield>
  <datafield tag="520" ind1="3" ind2=" ">
    <subfield code="a">En el presente estudio se llev&#xF3; a cabo la deshidrataci&#xF3;n de aceite de ricino por medio de un catalizador &#xE1;cido. Inicialmente se probaron dos tipos de catalizadores, uno homog&#xE9;neo y otro heterog&#xE9;neo. Despu&#xE9;s de diferentes ensayos se dedujo que con el catalizador homog&#xE9;neo se obten&#xED;an mejores resultados y que adicional a este deb&#xED;a agregarse un antioxidante para mejorar la apariencia del producto final. Posteriormente se llev&#xF3; a cabo un dise&#xF1;o de experimentos d&#xF3;nde se determinaron las cantidades &#xF3;ptimas del catalizador y el antioxidante, por medio de un modelo matem&#xE1;tico obtenido en el software Minitab. Para caracterizar el aceite de ricino deshidratado se desarrollaron algunos m&#xE9;todos, tales como la estimaci&#xF3;n del &#xED;ndice de yodo por espectroscopia infrarroja, puesto que los &#xE1;cidos grasos conjugados presentaban interferencias por el m&#xE9;todo convencional (m&#xE9;todo de Wijs), otro m&#xE9;todo constaba de secados acelerados y comparativos en termobalanza, all&#xED; se observ&#xF3; que el aceite de ricino deshidratado secaba en el mismo tiempo del aceite de linaza a altas temperaturas. Por &#xFA;ltimo, gracias a este estudio se abrieron nuevas rutas para la comprensi&#xF3;n de los mecanismos de secado en resinas alqu&#xED;dicas y en aceites.</subfield>
  </datafield>
  <datafield tag="650" ind1=" " ind2=" ">
    <subfield code="a">Deshidrataci&#xF3;n de aceite</subfield>
    <subfield code="9">185915</subfield>
  </datafield>
  <datafield tag="650" ind1=" " ind2="7">
    <subfield code="a">&#xC1;cidos grasos</subfield>
    <subfield code="2">lemb</subfield>
    <subfield code="9">176023</subfield>
  </datafield>
  <datafield tag="650" ind1=" " ind2=" ">
    <subfield code="a">Resinas alqu&#xED;dicas</subfield>
    <subfield code="9">107262</subfield>
  </datafield>
  <datafield tag="700" ind1="1" ind2="0">
    <subfield code="a">Matallana P&#xE9;rez, Luis Ger&#xF3;nimo</subfield>
    <subfield code="4">ths</subfield>
    <subfield code="e">ths</subfield>
    <subfield code="9">436604</subfield>
  </datafield>
  <datafield tag="700" ind1="1" ind2="0">
    <subfield code="a">Benjumea Londo&#xF1;o, Alejandro</subfield>
    <subfield code="4">ths</subfield>
    <subfield code="e">ths</subfield>
    <subfield code="9">679956</subfield>
  </datafield>
  <datafield tag="942" ind1=" " ind2=" ">
    <subfield code="c">TESIS</subfield>
  </datafield>
  <datafield tag="999" ind1=" " ind2=" ">
    <subfield code="c">701762</subfield>
    <subfield code="d">701762</subfield>
  </datafield>
  <datafield tag="502" ind1=" " ind2=" ">
    <subfield code="b">178</subfield>
    <subfield code="c">17</subfield>
  </datafield>
  <datafield tag="526" ind1=" " ind2=" ">
    <subfield code="a">180</subfield>
  </datafield>
  <datafield tag="952" ind1=" " ind2=" ">
    <subfield code="0">0</subfield>
    <subfield code="1">0</subfield>
    <subfield code="4">0</subfield>
    <subfield code="7">0</subfield>
    <subfield code="8">TESELEC</subfield>
    <subfield code="a">CENDI</subfield>
    <subfield code="b">CENDI</subfield>
    <subfield code="d">2014-12-04</subfield>
    <subfield code="i">C1218542</subfield>
    <subfield code="l">0</subfield>
    <subfield code="o">PQU 09478</subfield>
    <subfield code="r">2023-05-03 00:00:00</subfield>
    <subfield code="t">1</subfield>
    <subfield code="w">2023-05-03</subfield>
    <subfield code="y">INTER</subfield>
    <subfield code="z">Acceso restringido.</subfield>
  </datafield>
</record>
